| 000 | 00734nam a22002177a 4500 | ||
|---|---|---|---|
| 999 |
_c14534 _d14534 |
||
| 003 | AR-CdUCM | ||
| 008 | 190423b ||||| |||| 00| 0 spa d | ||
| 020 | _a978-84-683-0180-8 | ||
| 040 |
_aMUNICIPALIDAD PROVINCIAL DEL CUSCO _cBIBLIOTECA MUNICIPAL DEL CUSCO |
||
| 082 |
_aEP / 808.06 / _bF18 |
||
| 100 |
_aFalcón Maldonado, Cristian _933343 |
||
| 245 |
_a1, 2, 3 de repente en Egipto : _bEl ojo de Horus / |
||
| 260 |
_aBarcelona : _bEDEBÉ, _c2011. |
||
| 300 |
_a35 páginas ; _bilustraciones, _c24 cm. |
||
| 650 |
_aLiteratura infantil _9588 |
||
| 650 |
_aCuentos infantiles _93927 |
||
| 650 |
_aCuentos Egipcios _933344 |
||
| 700 |
_aFábrega, Marta (ilustraciones) _933345 |
||
| 942 |
_2ddc _cLIBROS |
||
| 945 |
_aachl _d2019-04-23 |
||